00776 a2200193 4500999001500000010001400015020002600029035001300055037001500068082001100083100001900094245010500113260004200218270008000260300003500340500005100375942004400426952011200470 c4752d4752 aENG-86559 a9788178297156c750.00 aEN-70092 bDBAD / PUB a954.65 aUddin, Sufia M aConstructing Bangladesh :breligion ethnicity and language in an Islamic nation /cby Sufia M. Uddin aNew DelhibVistaar Publicationsc2006 aB1/11, Mohan Cooperative Industrial Area, Mathura Road,bNew Delhie110 044 axxiii, 224pbill.c24cm. (Hb) aIncludes bibliographical references and index adplcENk954.05 / UDD2ddch954.05mUDD 001040718NFICaDBADbDBADeDBAD/PUBg750.00l0o954.05 UDDpEN-70092r2008-09-15 00:00:00t1v750.00yEN